000 01065nam a2200217Ia 4500
003 Ost
005 20260507075308.0
008 260507s9999||||xx |||||||||||||| ||und||
040 _cfsecg
041 _aara
082 _a330
100 _aبوعظم، كمال
_eمؤلف
245 0 _aالاحصاء الاستدلالي من الجانب النظري و التطبيقي :
_bمنهج كمي /
_c كمال بوعظم
260 _aعمان:
_bدار زهران,
_c2012
300 _a259 صفحة؛
_bإيضاحات ؛
_c25 سم
504 _aجداول احصائية ص.274
520 _aلاحتمالات و الممتغيرات العشوائية ، التوزيعات الاحتمالية المنقطعة و التوزيعات الاحتمالية المتصلة أو المستمرة ، الانحدار و الارتباط ، نظرية العينات ، الاستدلال الاحصائي و اختيار الفرضيات و تحليل التباين .
653 _aالاحصاء
653 _aالإحصاء الرياضي
942 _cكتاب
999 _c43824
_d43824